Community as a policy instrument: a comparative analysis (Record no. 40103)

000 -LEADER
fixed length control field 00482pab a2200181 454500
008 - FIXED-LENGTH DATA ELEMENTS--GENERAL INFORMATION
fixed length control field 180718b1998 xxu||||| |||| 00| 0 eng d
100 ## - MAIN ENTRY--PERSONAL NAME
Personal name Rochefort, David A.
245 ## - TITLE STATEMENT
Title Community as a policy instrument: a comparative analysis
260 ## - PUBLICATION, DISTRIBUTION, ETC.
Date of publication, distribution, etc. 1998
300 ## - PHYSICAL DESCRIPTION
Extent p.548-68
362 ## - DATES OF PUBLICATION AND/OR SEQUENTIAL DESIGNATION
Dates of publication and/or sequential designation Autumn
650 ## - SUBJECT ADDED ENTRY--TOPICAL TERM
Topical term or geographic name entry element Communities - United States
650 ## - SUBJECT ADDED ENTRY--TOPICAL TERM
Topical term or geographic name entry element Communities
700 ## - ADDED ENTRY--PERSONAL NAME
Personal name White, Deena
700 ## - ADDED ENTRY--PERSONAL NAME
Personal name Rosenberg, Michael
773 ## - HOST ITEM ENTRY
Main entry heading Policy Studies Journal
909 ## -
-- 40103
Holdings
Withdrawn status Lost status Damaged status Not for loan Permanent Location Current Location Date acquired Serial Enumeration / chronology Barcode Date last seen Price effective from Koha item type
        Indian Institute of Public Administration Indian Institute of Public Administration 2018-07-19 Volume no: 26, Issue no: 3 AR40475 2018-07-19 2018-07-19 Articles

Powered by Koha